Statistics for Name All the Charlie Brown Specials and Movies

Click here to take the quiz!

General Stats

  • This quiz has been taken 3 times
  • The average score is 6 of 53

Answer Stats

YearSpecial or Movie% Correct
1965A Charlie Brown Christmas
100%
1969A Boy Named Charlie Brown
67%
1966Charlie Brown All Stars
67%
1966It's The Great Pumpkin, Charlie Brown
67%
1973A Charlie Brown Thanksgiving
33%
2002A Charlie Brown Valentine
33%
1968He's Your Dog, Charlie Brown
33%
1969It Was A Short Summer, Charlie Brown
33%
1971Play It Again, Charlie Brown
33%
1972Snoopy Come Home
33%
2015The Peanuts Movie
33%
1967You're in Love, Charlie Brown
33%
1982A Charlie Brown Celebration
0%
1975Be My Valentine, Charlie Brown
0%
1980Bon Voyage, Charlie Brown (and Don't Come Back!!)
0%
2002Charlie Brown's Christmas Tales
0%
2011Happiness Is a Warm Blanket, Charlie Brown
0%
1986Happy New Year, Charlie Brown!
0%
2006He's a Bully, Charlie Brown
0%
1983Is This Goodbye, Charlie Brown?
0%
1974It's a Mystery, Charlie Brown
0%
1983It's an Adventure, Charlie Brown
0%
1976It's Arbor Day, Charlie Brown
0%
1992It's Christmastime Again, Charlie Brown
0%
1984It's Flashbeagle, Charlie Brown
0%
1981It's Magic, Charlie Brown
0%
1992It's Spring Training, Charlie Brown
0%
1974It's the Easter Beagle, Charlie Brown
0%
1988It's the Girl in the Red Truck, Charlie Brown
0%
2000It's the Pied Piper, Charlie Brown
0%
1977It's Your First Kiss, Charlie Brown
0%
1997It Was My Best Birthday Ever, Charlie Brown
0%
2003I Want a Dog for Christmas, Charlie Brown
0%
1980Life Is a Circus, Charlie Brown
0%
2003Lucy Must Be Traded, Charlie Brown
0%
1977Race for Your Life, Charlie Brown
0%
1980She's a Good Skate, Charlie Brown
0%
2022Snoopy Presents: For Auld Lang Syne
0%
2022Snoopy Presents: It's The Small Things, Charlie Brown
0%
2022Snoopy Presents: To Mom (and Dad), With Love
0%
1985Snoopy's Getting Married, Charlie Brown
0%
1991Snoopy's Reunion
0%
1988Snoopy: The Musical
0%
1981Someday You'll Find Her, Charlie Brown
0%
1973There's No Time for Love, Charlie Brown
0%
1978What a Nightmare, Charlie Brown!
0%
1983What Have We Learned, Charlie Brown?
0%
1990Why, Charlie Brown, Why?
0%
1985You're a Good Man, Charlie Brown
0%
1975You're a Good Sport, Charlie Brown
0%
1994You're in the Super Bowl, Charlie Brown
0%
1972You're Not Elected, Charlie Brown
0%
1979You're the Greatest, Charlie Brown
0%

Score Distribution

Percentile by Number Answered

Percent of People with Each Score

Your Score History

You have not taken this quiz